| 000 | 00615cam a2200241ua 4500 | ||
|---|---|---|---|
| 020 |
_a81-204-0112-3 _c36.00 |
||
| 041 |
_aeng _h |
||
| 082 |
_a633.08 _bMOR/CR |
||
| 100 | _aMorachan, V.B . | ||
| 245 |
_aCrop production and management / _cV.B.Morachan. _hTextual Documents |
||
| 250 |
_a2 / _b. |
||
| 260 |
_aNew Delhi : _bOxford & IBH Publishing company , _c1986. |
||
| 300 |
_a294 : _b` ; . |
||
| 365 | _a36.00 | ||
| 504 | _a | ||
| 942 | _cBK | ||
| 999 |
_c1799 _d1799 |
||